[Event "SLO-chT3 West"]
[Site "Kocevje"]
[Date "2009.11.15"]
[Round "4"]
[White "Franca, Veronika"]
[Black "Razinger, Igor"]
[Result "1/2-1/2"]
[WhiteElo "1714"]
[BlackElo "2068"]
[PlyCount "100"]
[EventDate "2009.11.13"]
[EventType "swiss"]
[EventRounds "5"]
[EventCountry "SLO"]
[SourceTitle "EXT 2022"]
[Source "ChessBase"]
[SourceDate "2021.10.06"]
[SourceVersion "1"]
[SourceVersionDate "2021.10.06"]
[SourceQuality "1"]

1. e4 c5 2. Nf3 d6 3. d4 cxd4 4. Nxd4 Nf6 5. Nc3 a6 6. Bc4 e6 7. Bb3 Be7 8. 0-0 0-0 9. f4 Qc7 10. f5 e5 11. Nde2 Nbd7 12. Ng3 b5 13. Bg5 Bb7 14. Bxf6 Nxf6 15. Nh5 b4 16. Nxf6+ Bxf6 17. Nd5 Bxd5 18. Bxd5 Rac8 19. Bb3 Qc5+ 20. Kh1 Qd4 21. Qxd4 exd4 22. a3 a5 23. axb4 axb4 24. Ra4 Rb8 25. Ra7 Rbe8 26. Re1 h5 27. g3 h4 28. Kg2 hxg3 29. hxg3 d3 30. cxd3 Bxb2 31. Re2 Bd4 32. Rc7 Rc8 33. Rec2 Bc3 34. Ra7 Rc6 35. Rca2 Bd4 36. Rxf7 Rxf7 37. Ra8+ Kh7 38. Bxf7 Rc3 39. Rb8 Rxd3 40. Rxb4 Be5 41. Rb3 Rxb3 42. Bxb3 Kh6 43. Kf3 Kg5 44. Bf7 Bf6 45. g4 Bd4 46. Bh5 Be5 47. Ke3 Kh4 48. Kf3 Kg5 49. Ke3 Kh4 50. Kf3 Kg5 1/2-1/2

[Event "SLO-chT2 West"]
[Site "Kranj"]
[Date "2005.10.15"]
[Round "2.2"]
[White "Razinger, Igor"]
[Black "Medved, Alfonz"]
[Result "1/2-1/2"]
[WhiteElo "2068"]
[BlackElo "2076"]
[PlyCount "106"]
[EventDate "2005.10.14"]
[EventType "team"]
[EventRounds "5"]
[EventCountry "SLO"]
[SourceTitle "EXT 2009"]
[Source "ChessBase"]
[SourceDate "2008.11.26"]
[SourceVersion "1"]
[SourceVersionDate "2008.11.26"]
[SourceQuality "1"]

1. d4 d5 2. c4 e6 3. Nf3 Nf6 4. Nc3 Be7 5. e3 0-0 6. Bd3 b6 7. 0-0 Bb7 8. cxd5 exd5 9. Qc2 Nbd7 10. b3 Re8 11. Ne5 c5 12. Bb2 Rc8 13. Bf5 g6 14. Bh3 cxd4 15. exd4 Rc7 16. Qd3 a6 17. f4 Bd6 18. Rae1 Nf8 19. f5 Ne4 20. Nxe4 dxe4 21. Qe2 f6 22. Ng4 g5 23. Ne3 Qe7 24. Rc1 Rec8 25. Rxc7 Rxc7 26. Nc4 b5 27. Nxd6 Qxd6 28. g3 Re7 29. Bg2 Nd7 30. Qc2 Kf7 31. Re1 Qd5 32. Rf1 a5 33. Qe2 Kg7 34. Qg4 Nb8 35. h4 h6 36. hxg5 hxg5 37. Qh5 Qf7 38. Qxf7+ Kxf7 39. Rc1 Nd7 40. Bf1 b4 41. Rc7 Nb6 42. Rc5 e3 43. Be2 Nd5 44. Kf1 Ke8 45. a3 Rc7 46. Rxc7 Nxc7 47. axb4 axb4 48. Bc1 Be4 49. Bxe3 Bxf5 50. Bc4 Be4 51. Bd2 Nd5 52. Bxd5 Bxd5 53. Bxb4 Bxb3 1/2-1/2

[Event "Ljubljana op 16th"]
[Site "Ljubljana"]
[Date "2005.07.09"]
[Round "1"]
[White "Razinger, Igor"]
[Black "Sax, Gyula"]
[Result "0-1"]
[WhiteElo "2052"]
[BlackElo "2568"]
[PlyCount "60"]
[EventDate "2005.07.09"]
[EventType "swiss"]
[EventRounds "9"]
[EventCountry "SLO"]
[SourceTitle "CBM 107 Extra"]
[Source "ChessBase"]
[SourceDate "2005.09.01"]
[SourceVersion "1"]
[SourceVersionDate "2005.09.01"]
[SourceQuality "1"]

1. d4 Nf6 2. c4 e6 3. Nf3 c5 4. d5 b5 5. cxb5 exd5 6. Bg5 Bb7 7. e3 d6 8. Be2 Nbd7 9. 0-0 h6 10. Bh4 g5 11. Bg3 Ne4 12. Nc3 h5 13. h4 g4 14. Ne1 Ndf6 15. Nd3 Nxc3 16. bxc3 Ne4 17. Rc1 Be7 18. Nf4 Bxh4 19. Nxd5 Bxg3 20. fxg3 Nxg3 21. Bc4 Rh6 22. Rf4 Qh4 23. Nc7+ Kd8 24. Bd5 Rc8 25. Rxf7 Rxc7 26. Rf8+ Ke7 27. Rf7+ Ke8 28. Rxc7 Rf6 29. Bf3 Qh1+ 30. Kf2 Ne4+ 0-1

[Event "SLO-chT2 West"]
[Site "Kranj"]
[Date "2004.10.15"]
[Round "1.3"]
[White "Razinger, Igor"]
[Black "Kersic, Matej"]
[Result "1-0"]
[WhiteElo "2052"]
[BlackElo "2119"]
[PlyCount "96"]
[EventDate "2004.10.15"]
[EventType "team"]
[EventRounds "3"]
[EventCountry "SLO"]
[SourceTitle "EXT 2009"]
[Source "ChessBase"]
[SourceDate "2008.11.26"]
[SourceVersion "1"]
[SourceVersionDate "2008.11.26"]
[SourceQuality "1"]

1. d4 d5 2. c4 c6 3. Nf3 dxc4 4. a4 Nf6 5. Nc3 Bg4 6. e3 e6 7. Bxc4 Nbd7 8. 0-0 Be7 9. e4 0-0 10. e5 Nd5 11. Nxd5 cxd5 12. Be2 Rc8 13. Bd2 Nb8 14. Qb3 Qb6 15. Qxb6 axb6 16. Bb5 Nc6 17. Bxc6 bxc6 18. b4 Rc7 19. Rfc1 Ra8 20. Ne1 Be2 21. a5 bxa5 22. Rxa5 Rb8 23. Ra4 Kf8 24. g3 Ke8 25. Nc2 Kd7 26. Ra3 Bh5 27. Kg2 Bg6 28. Ra4 Rcb7 29. Ra6 Bd3 30. Ra2 Bc4 31. Ra3 f6 32. f4 h6 33. Rca1 g5 34. Kf3 h5 35. fxg5 fxg5 36. Kg2 g4 37. Ra7 Bd3 38. Ne1 Be4+ 39. Kg1 Ke8 40. Rxb7 Rxb7 41. Ra4 Kd7 42. Kf2 Kc7 43. Ke3 Kb6 44. Nd3 Bxd3 45. Kxd3 Ra7 46. Rxa7 Kxa7 47. Kc2 Kb6 48. Kb3 Kb5 1-0